| 000 | 02164cam a22005174i 4500 | ||
|---|---|---|---|
| 003 | PE-LiUPU | ||
| 005 | 20250731165545.0 | ||
| 008 | 150625s r 000 0 d | ||
| 035 | _a(Sirsi) a33936 | ||
| 035 | _a(Sirsi) a33936 | ||
| 040 |
_aPE-LiUPU _bspa _cPE-LiUPU _erda |
||
| 082 | 0 | 4 |
_a225 _bN / 1 / 1 _221 |
| 100 | 1 |
_aTrilling, Wolfgang, _eautor. |
|
| 245 | 1 | 3 |
_aEl evangelio según san Mateo / _cWolfgang Trilling. |
| 264 | 1 |
_aBarcelona : _bHerder, _c1980. |
|
| 300 |
_a288 páginas ; _c20 cm. |
||
| 336 |
_atext _2rdacontent |
||
| 337 |
_aunmediated _2rdamedia |
||
| 338 |
_avolume _2rdacarrier |
||
| 505 | 0 | _aLos antecedentes del Mesías. -Actividad del Mesías en Galilea. -Milagros de Jesús. -Introducción a los dicípulos. - Entre la fé y la incredulidad. | |
| 526 | _aSEG44 | ||
| 526 | _aSEG26 | ||
| 526 | _aP151 | ||
| 526 | _aP150 | ||
| 526 | _aP149 | ||
| 526 | _aP146 | ||
| 526 | _aP145 | ||
| 526 | _aP126 | ||
| 526 | _aP125 | ||
| 526 | _aP92 | ||
| 526 | _aP75 | ||
| 526 | _aP74 | ||
| 526 | _aP27 | ||
| 526 | _aP15 | ||
| 630 |
_aBiblia. _pN.T. _pMateo _xComentarios. |
||
| 910 | _a | ||
| 942 |
_2ddc _cBOOK |
||
| 949 |
_aRC 225 N / 1 / 1 _wDEWEY _c1 _i37652 _lRC _mBUL _r0 _sY _tBOOK _u2015-6-25 _xBIBLIOTECA _zUNKNOWN _0COMPRA _o.CIRCNOTE. No olvidar cambiar la fecha de devolución!!!!!!! _o.STAFF. Colección General |
||
| 949 |
_aRC 225 N / 1 / 1 _wDEWEY _c2 _i37651 _lRC _mBUL _r0 _sY _tBOOK _u2015-6-25 _xBIBLIOTECA _zUNKNOWN _0COMPRA _o.CIRCNOTE. No olvidar cambiar la fecha de devolución!!!!!!! _o.STAFF. Colección General |
||
| 994 |
_aC0 _bPEPRU |
||
| 596 | _a1 | ||
| 999 |
_aRC 225 N / 1 / 1 _wDEWEY _c41738 _i37652 _d41738 _e2016-4-14 _f2021-11-8 _g6 _lCCODEBUL1 _mBUL _n1 _q2 _r1 _sY _tBOOK _u2015-6-25 _xTEOLOGIA _zUNKNOWN _0COMPRA _o.CIRCNOTE. No olvidar cambiar la fecha de devolución!!!!!!! _o.STAFF. Colección General |
||
| 999 |
_aRC 225 N / 1 / 1 _wDEWEY _c2 _i37651 _d2019-7-9 _f2021-11-8 _g6 _lCCODEBUL1 _mBUL _q1 _r1 _sY _tBOOK _u2015-6-25 _xTEOLOGIA _zUNKNOWN _0COMPRA _o.CIRCNOTE. No olvidar cambiar la fecha de devolución!!!!!!! _o.STAFF. Colección General |
||
| 980 |
_81 _gALBERTO SANCHEZ Responsable de Automatización |
||